| 000 | 00395nam a22001577a 4500 | ||
|---|---|---|---|
| 003 | SCME | ||
| 005 | 20170105095820.0 | ||
| 008 | 150610t xxu||||| |||| 00| 0 eng d | ||
| 020 | _a978-969-8535-22-3 | ||
| 040 | _cSCME | ||
| 100 |
_aDr. Shahid Hashmat _91260 |
||
| 245 | _aInternational Conflict Resolution Role of the UN and the OIC | ||
| 300 | _a278 | ||
| 546 | _aEnglish | ||
| 942 |
_2ddc _cBK |
||
| 999 |
_c120 _d120 |
||